000
00319nam a2200133Ia 4500
008
240624s9999 xx 000 0 und d
041
_a
eng
082
_a
004 BAS
100
_a
BASANDRA SURESH K
245
_a
COMPUTERS TODAY
260
_c
2005
_a
New Delhi
_b
Galgotia Publications
300
_a
lxix, : 1616
365
_c
RS
999
_c
2122
_d
2122